Návrh opatrení na zefektívnenie materiálového toku v spoločnosti JOBTEX s.r.o.
Enregistré dans:
| Auteur principal: | |
|---|---|
| Autres auteurs: | |
| Format: | Manuscrit Livre |
| Langue: | slovaque |
| Publié: |
2015
|
| Sujets: | |
| Accès en ligne: | http://is.stuba.sk/zp/portal_zp.pl?podrobnosti=96227 |
| Tags: |
Pas de tags, Soyez le premier à ajouter un tag!
|
MARC
| LEADER | 00000ntm a22000003a 4500 | ||
|---|---|---|---|
| 001 | stuzp50527 | ||
| 003 | SK-STU | ||
| 005 | 20160719153601.2 | ||
| 007 | ta | ||
| 008 | 150427s2015----xo-----f-mn---000-0-slo-d | ||
| 040 | |a STU |b slo | ||
| 041 | 0 | |a slo | |
| 100 | 1 | |a Kanyicska, Matúš |u 064000 |4 aut |U MTF Materiálovotechnologická fakulta |T MTF Ústav priemyselného inžinierstva a manažmentu |X 46870 |U M4000 |Y 84 |7 46870 | |
| 242 | 0 | 1 | |a The Draft of Measures for a More Effective Material Flow in the Corporation JOBTEX s.r.o. (Ltd) |y eng |
| 245 | 1 | 0 | |a Návrh opatrení na zefektívnenie materiálového toku v spoločnosti JOBTEX s.r.o. |
| 260 | |c 2015 | ||
| 650 | 4 | |a materiálový tok |2 slo | |
| 650 | 4 | |a výrobný proces |2 slo | |
| 650 | 4 | |a technická kontrola |2 slo | |
| 650 | 4 | |a obstarávanie |2 slo | |
| 650 | 4 | |a skladovanie |2 slo | |
| 650 | 4 | |a informačný tok |2 slo | |
| 650 | 4 | |a výroba |2 slo | |
| 650 | 4 | |a cash-flow |2 slo | |
| 650 | 4 | |a riadenie zásob |2 slo | |
| 650 | 4 | |a storage |2 eng | |
| 650 | 4 | |a production |2 eng | |
| 650 | 4 | |a managing the stocks |2 eng | |
| 650 | 4 | |a information flow |2 eng | |
| 650 | 4 | |a cash flow |2 eng | |
| 650 | 4 | |a process of production |2 eng | |
| 650 | 4 | |a technical control |2 eng | |
| 650 | 4 | |a material flow |2 eng | |
| 650 | 4 | |a acquistion |2 eng | |
| 700 | 1 | |a Czifra, György |4 ths |X 239 |7 A000000239 | |
| 856 | 4 | |u http://is.stuba.sk/zp/portal_zp.pl?podrobnosti=96227 | |
| 996 | |c M* BP-7258 |l MMSKP |s P |a 0 |w stuzp50527_0001 | ||
| SQL | |a stuzp50527 |b DBP |c SLO |d Návrh opatrení na zefektívnenie materiálového toku v spoločnosti JOBTEX s.r.o. |e 46870 |f Kanyicska, Matúš |g 064000 |h 239 |i Czifra, György |j 20150625 |k 175 |l 06 |m http://is.stuba.sk/zp/portal_zp.pl?podrobnosti=96227 |n B-PMA |o 5.2.52. priemyselné inžinierstvo | ||